| 000 | 01391cam a2200349 a 4500 | ||
|---|---|---|---|
| 001 | 13917781 | ||
| 003 | OSt | ||
| 005 | 20230607091745.0 | ||
| 008 | 050401s2005 enkab b 001 0 eng | ||
| 010 | _a 2005045522 | ||
| 020 | _a9781403939821 | ||
| 020 | _a1403939829 | ||
| 040 |
_aDLC _cDLC _dDLC |
||
| 042 | _apcc | ||
| 050 | 0 | 0 |
_aD421 _b.L69 2005 |
| 082 | 0 | 0 |
_a909.82 _bLOW |
| 100 | 1 | _aLowe, Norman. | |
| 245 | 1 | 0 |
_aMastering Modern World History / _cNorman Lowe. |
| 250 | _a4th ed. | ||
| 260 |
_aHoundmills, Basingstoke, Hampshire ; _aNew York : _bPalgrave Macmillan, _c2005. |
||
| 300 |
_axxi, 642 p. : _bill., maps ; _c24 cm. |
||
| 440 | 0 | _aPalgrave master series | |
| 504 | _aIncludes bibliographical references (p. 615-625) and index. | ||
| 650 | 0 |
_aHistory, Modern _y20th century. |
|
| 650 | 0 |
_aHistory, Modern _y21st century. |
|
| 856 | 4 | 2 |
_3Contributor biographical information _uhttp://www.loc.gov/catdir/enhancements/fy0624/2005045522-b.html |
| 856 | 4 | 2 |
_3Publisher description _uhttp://www.loc.gov/catdir/enhancements/fy0624/2005045522-d.html |
| 856 | 4 | 1 |
_3Table of contents only _uhttp://www.loc.gov/catdir/enhancements/fy0624/2005045522-t.html |
| 906 |
_a7 _bcbc _corignew _d1 _eocip _f20 _gy-gencatlg |
||
| 942 |
_2ddc _cBK |
||
| 999 |
_c782 _d782 |
||